000 00912nam a2200253Ia 4500
003 OSt
005 20221005104524.0
006 a|||||r|||| 00| 0
007 ta
008 221004b |||||||| |||| 00| 0 hin d
024 _a25088
037 _cTextual
040 _aCRL
_cCRL
_bhin
041 _2hin
_ahin
082 _aO152,1NNA:g(Y), N7
100 _aदुआ, प्रेमलता
245 0 _aसमाजवादी यथार्थवाद और नागार्जुन का काव्य
246 _aSamājavādī yathārthavād aur nāgārjun kā kāvya
260 _aदिल्ली
_bयात्री प्रकाशन भारत
_c1997
300 _a160पृ0
_ccm.
650 _aहिन्दी साहित्य
942 _hO152,1NNA:g(Y), N7
_cTEXL
_2cc
999 _c1012971
_d1012971